00229nam a2200073Ia 4500008004100000082000800041100001500049245009100064240331s9999 xx 000 0 und d bTHI aCenwor. ed 0aThird national convention on women's studies :bwomen history and social change,women